000 00370nam a2200157 a 4500
001 3378
005 20140414131910.0
008 040721s19uu xx 00 eng d
020 _a1570820538
050 _aER
_bW72 1997
245 _aDisney's Winnie the pooh.
260 _aNew York :
_bMouse Works.
300 _a93
650 _aChildren stories.
999 _c111143
_d111143